banner koha

New species of Tereancistrum (Dactylogyridae)monogenean parasites of Schizodon borellii (Characiformes, Anostomidae)from Brazil, and emended diagnosis for T. parvus (Registro n. 247978)

MARC details
000 -LÍDER
campo de controle de tamanho fixo 00887nas a2200265 4500
001 - NÚMERO DE CONTROLE
campo de controle BR2016000673
003 - IDENTIFICADOR DO NÚMERO DE CONTROLE
campo de controle BR-BrBNA
005 - DATA E HORÁRIO DA ÚLTIMA TRANSAÇÃO
campo de controle 20231205130129.0
007 - CAMPO FIXO DE DESCRIÇÃO FÍSICA--INFORMAÇÃO GERAL
campo de controle de tamanho fixo ta
008 - CAMPO DE DADOS FIXOS--INFORMAÇÃO GERAL
campo de controle de tamanho fixo 230509b bl.|||p| |||| 00| 00por d
040 ## - FONTE DA CATALOGAÇÃO
Instituição da catalogação original BR-BrBNA
Idioma da catalogação por
Instituição que transcreveu o registro Biblioteca Nacional de Agricultura
041 ## - CÓDIGO DE IDIOMA
Código do idioma do texto/trilha sonora ou título diferente (En)
072 ## - CÓDIGO DE CATEGORIA DE ASSUNTO
Código de Categoria de Assunto M40
100 1# - ENTRADA PRINCIPAL--NOME PESSOAL
Nome pessoal Karling, L.C.
100 1# - ENTRADA PRINCIPAL--NOME PESSOAL
Nome pessoal Lopes, L.P. da C.
100 1# - ENTRADA PRINCIPAL--NOME PESSOAL
Nome pessoal Takemoto, R.M.
100 1# - ENTRADA PRINCIPAL--NOME PESSOAL
Nome pessoal Pavanelli, G.C.
245 1# - TÍTULO
Título New species of Tereancistrum (Dactylogyridae)monogenean parasites of Schizodon borellii (Characiformes, Anostomidae)from Brazil, and emended diagnosis for T. parvus
650 ## - ASSUNTO--TERMO TÓPICO
Cabeçalho tópico ou nome geográfico PARASITO
650 ## - ASSUNTO--TERMO TÓPICO
Cabeçalho tópico ou nome geográfico PIABA
650 ## - ASSUNTO--TERMO TÓPICO
Cabeçalho tópico ou nome geográfico PEIXE
773 0# - ENTRADA ANALÍTICA
Título Acta Scientiarum. Biological Sciences (Brazil)
ISSN - International Standard Serial Number ISSN 1679-9283
Partes relacionadas (Jul-Sep 2014), v. 36(3) p. 365-369
Número de controle do registro BR2016000673
909 ## -
-- 202311
-- Lúcia
-- 55
-- Lúcia Elande
942 ## - ELEMENTOS DE ENTRADA ADICIONADOS (KOHA)
Fonte da classificação ou esquema de arquivamento na estante Classificação AGRIS
Ocultar no OPAC Não
Tipo de material Koha Analítica
Exemplares
Situação do descarte Fonte da classificação ou esquema de arquivamento na estante Situação física Não pode ser emprestado Biblioteca de origem Biblioteca atual Localização na estante Enumeração do periódico / cronologia Total de empréstimos Data de último acesso Número do exemplar Tipo de material Koha Fonte de aquisição
  Classificação AGRIS   Consulta local Biblioteca Nacional de Agricultura - Binagri Biblioteca Nacional de Agricultura - Binagri   (Jul-Sep 2014), v. 36(3) p. 365-369   29/11/2023 01 Periódicos Portaria Interministerial nº 164/94

BINAGRI

Telefone: (61)3218-2567/2388/3357/2097 - binagri@agro.gov.br

Ministério da Agricultura e Pecuária , Esplanada dos Ministérios, Bloco D, Anexo B, Brasília/DF, CEP: 70.043-900